000
00326nam a2200145 4500
999
_c
510075
_d
510075
008
190723b ||||| |||| 00| 0 eng d
100
_a
Ashok, T.N.
_9
7253
245
_a
Taxation proposals
260
_c
2019
300
_a
p.13-15.
650
_a
Budget
_9
7254
773
_a
Yojana
906
_a
Taxation
942
_2
ddc
_c
AR